[Event "Rapid Tournament (RAP)"]
[Site "Biel, CH"]
[Date "2025.07.13"]
[Round "7"]
[White "De Gregorio, Alexis"]
[Black "Mueller, Konstantin"]
[Result "1/2-1/2"]
[Board "22"]
[WhiteFideId "1310054"]
[BlackFideId "34661778"]
[WhiteElo "2032"]
[BlackElo "1798"]
[WhiteTeam "SUI"]
[BlackTeam "GER"]
[WhiteClock "0:00:36"]
[BlackClock "0:00:28"]
[Variant "Standard"]

1. e4 {[%clk 0:15:07]}  c5 {[%clk 0:13:58]} 2. Nf3 {[%clk 0:15:08]}  e6 {[%clk 0:14:01]} 3. d4 {[%clk 0:15:08]}  cxd4 {[%clk 0:14:05]} 4. Nxd4 {[%clk 0:15:12]}  Nc6 {[%clk 0:14:07]} 5. Nc3 {[%clk 0:15:08]}  Qc7 {[%clk 0:14:11]} 6. Be3 {[%clk 0:14:40]}  Nf6 {[%clk 0:14:07]} 7. f3 {[%clk 0:14:18]}  Be7 {[%clk 0:13:47]} 8. Qd2 {[%clk 0:14:00]}  O-O {[%clk 0:13:36]} 9. Nxc6 {[%clk 0:13:42]}  bxc6 {[%clk 0:13:31]} 10. O-O-O {[%clk 0:12:39]}  d5 {[%clk 0:13:22]} 11. Bd3 {[%clk 0:11:42]}  a5 {[%clk 0:11:48]} 12. exd5 {[%clk 0:11:05]}  cxd5 {[%clk 0:11:11]} 13. Bf4 {[%clk 0:08:58]}  Qc6 {[%clk 0:10:15]} 14. Bb5 {[%clk 0:08:31]}  Qb6 {[%clk 0:10:09]} 15. Be3 {[%clk 0:07:46]}  Qc7 {[%clk 0:09:44]} 16. Bf4 {[%clk 0:06:58]}  Qb6 {[%clk 0:09:00]} 17. Be3 {[%clk 0:06:54]}  Qc7 {[%clk 0:09:00]} 18. Bf4 {[%clk 0:06:51]}  Qa7 {[%clk 0:08:25]} 19. Be3 {[%clk 0:06:43]}  Bc5 {[%clk 0:08:23]} 20. Bxc5 {[%clk 0:06:44]}  Qxc5 {[%clk 0:08:27]} 21. Bd3 {[%clk 0:06:38]}  Bd7 {[%clk 0:08:08]} 22. h4 {[%clk 0:06:34]}  a4 {[%clk 0:07:49]} 23. a3 {[%clk 0:05:48]}  Rfb8 {[%clk 0:07:05]} 24. Na2 {[%clk 0:06:11]}  Rb6 {[%clk 0:06:10]} 25. g4 {[%clk 0:05:35]}  d4 {[%clk 0:05:55]} 26. Qg5 {[%clk 0:04:53]}  Rc8 {[%clk 0:05:20]} 27. Qxc5 {[%clk 0:04:50]}  Rxc5 {[%clk 0:05:23]} 28. Nb4 {[%clk 0:04:46]}  e5 {[%clk 0:04:52]} 29. Rhe1 {[%clk 0:04:41]}  Re6 {[%clk 0:04:14]} 30. g5 {[%clk 0:04:20]}  Nh5 {[%clk 0:03:25]} 31. Bf5 {[%clk 0:04:09]}  Re7 {[%clk 0:03:47]} 32. Bxd7 {[%clk 0:04:09]}  Rxd7 {[%clk 0:03:51]} 33. Nd3 {[%clk 0:04:07]}  Rc8 {[%clk 0:02:52]} 34. Rxe5 {[%clk 0:03:49]}  g6 {[%clk 0:02:20]} 35. Rde1 {[%clk 0:03:44]}  Kg7 {[%clk 0:02:01]} 36. Re7 {[%clk 0:03:16]}  Rd6 {[%clk 0:01:19]} 37. Ra7 {[%clk 0:02:56]}  Rdc6 {[%clk 0:00:55]} 38. Nb4 {[%clk 0:02:35]}  R6c7 {[%clk 0:00:54]} 39. Re7 {[%clk 0:02:08]}  Rxe7 {[%clk 0:00:52]} 40. Rxe7 {[%clk 0:02:11]}  Ng3 {[%clk 0:00:56]} 41. Kd2 {[%clk 0:01:56]}  Nf5 {[%clk 0:00:44]} 42. Re4 {[%clk 0:01:58]}  h6 {[%clk 0:00:41]} 43. Nd5 {[%clk 0:01:53]}  hxg5 {[%clk 0:00:29]} 44. hxg5 {[%clk 0:01:55]}  Nd6 {[%clk 0:00:17]} 45. Rxd4 {[%clk 0:01:42]}  Nc4+ {[%clk 0:00:22]} 46. Ke2 {[%clk 0:01:25]}  Nxb2 {[%clk 0:00:22]} 47. Nb4 {[%clk 0:01:01]}  Rc3 {[%clk 0:00:15]} 48. Rd8 {[%clk 0:00:26]}  f6 {[%clk 0:00:12]} 49. Rd7+ {[%clk 0:00:27]}  Kf8 {[%clk 0:00:16]} 50. gxf6 {[%clk 0:00:29]}  Rxa3 {[%clk 0:00:21]} 51. Nc6 {[%clk 0:00:12]}  Rc3 {[%clk 0:00:22]} 52. Ne5 {[%clk 0:00:10]}  Rxc2+ {[%clk 0:00:26]} 53. Ke3 {[%clk 0:00:13]}  Nc4+ {[%clk 0:00:26]} 54. Nxc4 {[%clk 0:00:16]}  Rxc4 {[%clk 0:00:30]} 55. Ra7 {[%clk 0:00:20]}  Rb4 {[%clk 0:00:23]} 56. Kf2 {[%clk 0:00:23]}  Rf4 {[%clk 0:00:10]} 57. Kg3 {[%clk 0:00:26]}  Rxf6 {[%clk 0:00:14]} 58. Rxa4 {[%clk 0:00:30]}  Kg7 {[%clk 0:00:18]} 59. Ra7+ {[%clk 0:00:30]}  Kh6 {[%clk 0:00:22]} 60. Ra5 {[%clk 0:00:32]}  Rb6 {[%clk 0:00:26]} 61. Rc5 {[%clk 0:00:33]}  Rb4 {[%clk 0:00:28]} 62. Ra5 {[%clk 0:00:36]} 1/2-1/2

[Event "Rapid Tournament (RAP)"]
[Site "Biel, CH"]
[Date "2025.07.13"]
[Round "7"]
[White "Anetov, Amirzhan"]
[Black "Chen, Zhi"]
[Result "1/2-1/2"]
[Board "23"]
[WhiteFideId "13784951"]
[BlackFideId "8619549"]
[WhiteElo "1856"]
[BlackElo "2027"]
[WhiteTeam "KAZ"]
[BlackTeam "CHN"]
[WhiteClock "0:00:19"]
[BlackClock "0:00:10"]
[Variant "Standard"]

1. e4 {[%clk 0:15:10]}  Nf6 {[%clk 0:14:56]} 2. Nc3 {[%clk 0:15:04]}  e5 {[%clk 0:14:57]} 3. g3 {[%clk 0:15:01]}  c6 {[%clk 0:14:42]} 4. Bg2 {[%clk 0:15:08]}  d5 {[%clk 0:14:42]} 5. exd5 {[%clk 0:15:12]}  cxd5 {[%clk 0:14:46]} 6. d4 {[%clk 0:15:02]}  exd4 {[%clk 0:14:23]} 7. Qxd4 {[%clk 0:15:06]}  Nc6 {[%clk 0:14:27]} 8. Qd1 {[%clk 0:15:00]}  d4 {[%clk 0:14:09]} 9. Nce2 {[%clk 0:14:56]}  Bc5 {[%clk 0:14:00]} 10. Nf3 {[%clk 0:14:45]}  O-O {[%clk 0:13:48]} 11. O-O {[%clk 0:14:43]}  Bf5 {[%clk 0:13:34]} 12. Nf4 {[%clk 0:14:10]}  Nb4 {[%clk 0:13:24]} 13. Nd3 {[%clk 0:13:51]}  Nxd3 {[%clk 0:13:18]} 14. cxd3 {[%clk 0:13:55]}  Nd5 {[%clk 0:12:46]} 15. a3 {[%clk 0:13:45]}  Bb6 {[%clk 0:12:36]} 16. Qb3 {[%clk 0:13:31]}  Ne7 {[%clk 0:10:52]} 17. Bg5 {[%clk 0:13:11]}  h6 {[%clk 0:10:37]} 18. Bxe7 {[%clk 0:13:14]}  Qxe7 {[%clk 0:10:41]} 19. Rfe1 {[%clk 0:13:18]}  Be6 {[%clk 0:10:16]} 20. Qa4 {[%clk 0:13:02]}  Rfd8 {[%clk 0:08:57]} 21. Rac1 {[%clk 0:12:57]}  Rac8 {[%clk 0:08:29]} 22. Rxc8 {[%clk 0:12:54]}  Rxc8 {[%clk 0:08:33]} 23. Bh3 {[%clk 0:11:59]}  Rc6 {[%clk 0:07:48]} 24. Bxe6 {[%clk 0:11:16]}  Rxe6 {[%clk 0:07:48]} 25. Rxe6 {[%clk 0:11:20]}  Qxe6 {[%clk 0:07:51]} 26. Qc2 {[%clk 0:11:25]}  g5 {[%clk 0:07:25]} 27. Qd1 {[%clk 0:07:48]}  g4 {[%clk 0:06:41]} 28. Nd2 {[%clk 0:07:49]}  f5 {[%clk 0:06:37]} 29. Qb3 {[%clk 0:07:25]}  Kf7 {[%clk 0:06:29]} 30. Kg2 {[%clk 0:07:24]}  h5 {[%clk 0:06:08]} 31. f3 {[%clk 0:07:20]}  Kf6 {[%clk 0:05:51]} 32. Qxe6+ {[%clk 0:07:22]}  Kxe6 {[%clk 0:05:54]} 33. h3 {[%clk 0:07:25]}  Bc7 {[%clk 0:04:57]} 34. fxg4 {[%clk 0:07:18]}  hxg4 {[%clk 0:04:53]} 35. hxg4 {[%clk 0:07:22]}  fxg4 {[%clk 0:04:56]} 36. Ne4 {[%clk 0:07:26]}  b6 {[%clk 0:04:46]} 37. Kf2 {[%clk 0:07:14]}  Be5 {[%clk 0:04:40]} 38. Ke2 {[%clk 0:07:18]}  Kd5 {[%clk 0:04:33]} 39. Kd2 {[%clk 0:07:22]}  Kc6 {[%clk 0:04:23]} 40. Ke2 {[%clk 0:05:50]}  a5 {[%clk 0:03:26]} 41. Kf2 {[%clk 0:05:39]}  Kb5 {[%clk 0:01:48]} 42. b3 {[%clk 0:02:18]}  a4 {[%clk 0:01:33]} 43. b4 {[%clk 0:02:22]}  Bg7 {[%clk 0:00:48]} 44. Nd6+ {[%clk 0:01:41]}  Kc6 {[%clk 0:00:49]} 45. Nf5 {[%clk 0:01:46]}  Be5 {[%clk 0:00:41]} 46. Ke2 {[%clk 0:00:22]}  Kd5 {[%clk 0:00:28]} 47. Kf2 {[%clk 0:00:06]}  Ke6 {[%clk 0:00:21]} 48. Nh6 {[%clk 0:00:08]}  Bd6 {[%clk 0:00:24]} 49. Ke2 {[%clk 0:00:07]}  Bxb4 {[%clk 0:00:20]} 50. Nxg4 {[%clk 0:00:08]}  Bxa3 {[%clk 0:00:22]} 51. Nf2 {[%clk 0:00:11]}  Bd6 {[%clk 0:00:18]} 52. Ne4 {[%clk 0:00:15]}  a3 {[%clk 0:00:17]} 53. Nd2 {[%clk 0:00:15]}  a2 {[%clk 0:00:07]} 54. Nb3 {[%clk 0:00:19]}  Bxg3 {[%clk 0:00:07]} 55. Kd2 {[%clk 0:00:23]}  Bd6 {[%clk 0:00:07]} 56. Kc2 {[%clk 0:00:08]}  Ba3 {[%clk 0:00:08]} 57. Nxd4+ {[%clk 0:00:11]}  Kd5 {[%clk 0:00:09]} 58. Nb3 {[%clk 0:00:16]}  b5 {[%clk 0:00:09]} 59. Na1 {[%clk 0:00:16]}  Bc5 {[%clk 0:00:10]} 60. Kb3 {[%clk 0:00:19]} 1/2-1/2

[Event "Rapid Tournament (RAP)"]
[Site "Biel, CH"]
[Date "2025.07.13"]
[Round "7"]
[White "El-Mais, Ibaa"]
[Black "Rajendran, Ishaan"]
[Result "1-0"]
[Board "24"]
[WhiteFideId "1312715"]
[BlackFideId "39910032"]
[WhiteElo "2140"]
[BlackElo "1725"]
[WhiteTeam "SUI"]
[BlackTeam "USA"]
[WhiteClock "0:05:01"]
[BlackClock "0:06:38"]
[Variant "Standard"]

1. d4 {[%clk 0:15:07]}  d5 {[%clk 0:15:10]} 2. Bf4 {[%clk 0:15:11]}  c5 {[%clk 0:15:13]} 3. e3 {[%clk 0:15:15]}  Nc6 {[%clk 0:15:17]} 4. c3 {[%clk 0:15:19]}  Qb6 {[%clk 0:15:17]} 5. Qb3 {[%clk 0:15:23]}  c4 {[%clk 0:15:20]} 6. Qc2 {[%clk 0:15:25]}  Bf5 {[%clk 0:15:22]} 7. Qxf5 {[%clk 0:15:21]}  Qxb2 {[%clk 0:15:25]} 8. Qxd5 {[%clk 0:15:25]}  Qxa1 {[%clk 0:14:44]} 9. Qb5 {[%clk 0:15:27]}  O-O-O {[%clk 0:13:36]} 10. Bxc4 {[%clk 0:15:11]}  e5 {[%clk 0:12:00]} 11. Nf3 {[%clk 0:10:14]}  Ba3 {[%clk 0:10:40]} 12. O-O {[%clk 0:09:58]}  exf4 {[%clk 0:09:25]} 13. Nxa3 {[%clk 0:09:28]}  Qxc3 {[%clk 0:09:26]} 14. Qf5+ {[%clk 0:08:44]}  Kb8 {[%clk 0:09:13]} 15. Qxf4+ {[%clk 0:08:43]}  Ka8 {[%clk 0:09:08]} 16. Nb5 {[%clk 0:08:15]}  Qa5 {[%clk 0:09:10]} 17. Nc7+ {[%clk 0:07:53]}  Kb8 {[%clk 0:09:08]} 18. Ne6+ {[%clk 0:07:26]}  Ka8 {[%clk 0:08:49]} 19. Nxd8 {[%clk 0:07:29]}  Qxd8 {[%clk 0:08:52]} 20. Qxf7 {[%clk 0:07:27]}  Qf6 {[%clk 0:08:29]} 21. Qc7 {[%clk 0:05:10]}  Nh6 {[%clk 0:08:15]} 22. Rb1 {[%clk 0:05:11]}  Rb8 {[%clk 0:08:13]} 23. Bd5 {[%clk 0:04:54]}  Qe7 {[%clk 0:06:45]} 24. Qxc6 {[%clk 0:04:52]}  bxc6 {[%clk 0:06:47]} 25. Bxc6+ {[%clk 0:04:57]}  Rb7 {[%clk 0:06:38]} 26. Rxb7 {[%clk 0:05:01]} 1-0

[Event "Rapid Tournament (RAP)"]
[Site "Biel, CH"]
[Date "2025.07.13"]
[Round "7"]
[White "Ernst, Rolf"]
[Black "Lipecki, Alexander"]
[Result "0-1"]
[Board "25"]
[WhiteFideId "4611101"]
[BlackFideId "1303511"]
[WhiteTitle "FM"]
[WhiteElo "1941"]
[BlackElo "2126"]
[WhiteTeam "SUI"]
[BlackTeam "SUI"]
[WhiteClock "0:02:24"]
[BlackClock "0:01:31"]
[Variant "Standard"]

1. d4 {[%clk 0:15:05]}  c6 {[%clk 0:15:04]} 2. Nf3 {[%clk 0:15:07]}  g6 {[%clk 0:14:57]} 3. Bf4 {[%clk 0:15:07]}  Bg7 {[%clk 0:15:09]} 4. e3 {[%clk 0:15:10]}  Nf6 {[%clk 0:15:09]} 5. Nbd2 {[%clk 0:15:01]}  d6 {[%clk 0:15:00]} 6. h3 {[%clk 0:15:04]}  O-O {[%clk 0:14:54]} 7. Be2 {[%clk 0:14:59]}  Re8 {[%clk 0:14:56]} 8. Bh2 {[%clk 0:14:48]}  Nbd7 {[%clk 0:14:47]} 9. a4 {[%clk 0:14:46]}  c5 {[%clk 0:14:35]} 10. O-O {[%clk 0:14:37]}  b6 {[%clk 0:14:35]} 11. c3 {[%clk 0:14:33]}  Bb7 {[%clk 0:14:36]} 12. Qc2 {[%clk 0:14:17]}  Rc8 {[%clk 0:14:24]} 13. Rfd1 {[%clk 0:14:00]}  cxd4 {[%clk 0:14:16]} 14. Nxd4 {[%clk 0:13:47]}  Qc7 {[%clk 0:14:12]} 15. Bf3 {[%clk 0:13:29]}  a6 {[%clk 0:13:45]} 16. Bxb7 {[%clk 0:12:03]}  Qxb7 {[%clk 0:13:46]} 17. N2b3 {[%clk 0:11:42]}  Nc5 {[%clk 0:11:54]} 18. Qe2 {[%clk 0:11:10]}  Nxb3 {[%clk 0:10:52]} 19. Nxb3 {[%clk 0:11:13]}  Nd7 {[%clk 0:10:56]} 20. Nd4 {[%clk 0:11:04]}  Nc5 {[%clk 0:10:39]} 21. Nc2 {[%clk 0:10:59]}  d5 {[%clk 0:09:50]} 22. Nb4 {[%clk 0:10:46]}  e6 {[%clk 0:09:52]} 23. Qc2 {[%clk 0:10:37]}  Ne4 {[%clk 0:09:25]} 24. Qe2 {[%clk 0:10:28]}  Rc4 {[%clk 0:08:55]} 25. Nd3 {[%clk 0:09:47]}  Rcc8 {[%clk 0:08:01]} 26. Be5 {[%clk 0:09:23]}  f6 {[%clk 0:07:53]} 27. Bh2 {[%clk 0:09:23]}  Nc5 {[%clk 0:07:47]} 28. Nb4 {[%clk 0:09:18]}  a5 {[%clk 0:07:37]} 29. Nc2 {[%clk 0:09:08]}  Ne4 {[%clk 0:07:21]} 30. Nd4 {[%clk 0:09:03]}  e5 {[%clk 0:06:58]} 31. Nb5 {[%clk 0:09:02]}  Red8 {[%clk 0:06:53]} 32. f4 {[%clk 0:08:49]}  Qe7 {[%clk 0:05:43]} 33. Kh1 {[%clk 0:07:05]}  f5 {[%clk 0:05:27]} 34. Qf3 {[%clk 0:06:37]}  exf4 {[%clk 0:05:12]} 35. exf4 {[%clk 0:06:30]}  Qh4 {[%clk 0:05:01]} 36. Bg1 {[%clk 0:06:00]}  g5 {[%clk 0:04:02]} 37. fxg5 {[%clk 0:05:35]}  Qxg5 {[%clk 0:03:48]} 38. Bd4 {[%clk 0:05:10]}  Bxd4 {[%clk 0:02:52]} 39. Nxd4 {[%clk 0:05:02]}  Rd6 {[%clk 0:02:55]} 40. Kh2 {[%clk 0:04:55]}  Rg6 {[%clk 0:02:46]} 41. Rg1 {[%clk 0:04:54]}  Rf8 {[%clk 0:02:48]} 42. Rad1 {[%clk 0:04:19]}  f4 {[%clk 0:02:51]} 43. Ne2 {[%clk 0:04:02]}  Rf5 {[%clk 0:02:23]} 44. Rd4 {[%clk 0:03:40]}  Kg7 {[%clk 0:01:53]} 45. b4 {[%clk 0:03:00]}  axb4 {[%clk 0:01:56]} 46. cxb4 {[%clk 0:03:04]}  Rc6 {[%clk 0:01:45]} 47. Rxe4 {[%clk 0:02:55]}  dxe4 {[%clk 0:01:45]} 48. Qxe4 {[%clk 0:02:59]}  Rg6 {[%clk 0:01:43]} 49. Qf3 {[%clk 0:02:48]}  h5 {[%clk 0:01:41]} 50. Rc1 {[%clk 0:02:48]}  Rf7 {[%clk 0:01:38]} 51. Rc4 {[%clk 0:02:48]}  Rgf6 {[%clk 0:01:39]} 52. a5 {[%clk 0:02:49]}  bxa5 {[%clk 0:01:42]} 53. Rc5 {[%clk 0:02:53]}  Rf5 {[%clk 0:01:38]} 54. Qc3+ {[%clk 0:02:54]}  Kh7 {[%clk 0:01:34]} 55. Rxa5 {[%clk 0:02:41]}  f3 {[%clk 0:01:24]} 56. gxf3 {[%clk 0:02:37]}  Rg7 {[%clk 0:01:27]} 57. Qxg7+ {[%clk 0:02:24]}  Kxg7 {[%clk 0:01:31]} 0-1

[Event "Rapid Tournament (RAP)"]
[Site "Biel, CH"]
[Date "2025.07.13"]
[Round "7"]
[White "Frey,Fabian"]
[Black "Tereshchenko, Eva"]
[Result "1-0"]
[Board "26"]
[WhiteFideId "1336487"]
[BlackFideId "34389903"]
[WhiteElo "2102"]
[BlackElo "1892"]
[WhiteTeam "SUI"]
[BlackTeam "FID"]
[WhiteClock "0:00:46"]
[BlackClock "0:00:10"]
[Variant "Standard"]

1. d4 {[%clk 0:15:05]}  d5 {[%clk 0:15:10]} 2. c4 {[%clk 0:15:09]}  dxc4 {[%clk 0:15:13]} 3. Nf3 {[%clk 0:15:11]}  Nf6 {[%clk 0:15:17]} 4. e3 {[%clk 0:15:15]}  e6 {[%clk 0:15:21]} 5. Bxc4 {[%clk 0:15:17]}  a6 {[%clk 0:15:25]} 6. O-O {[%clk 0:15:12]}  b5 {[%clk 0:15:29]} 7. Be2 {[%clk 0:15:08]}  Bb7 {[%clk 0:15:33]} 8. a4 {[%clk 0:15:12]}  b4 {[%clk 0:15:36]} 9. Nbd2 {[%clk 0:15:10]}  Nbd7 {[%clk 0:15:35]} 10. Nc4 {[%clk 0:14:08]}  c5 {[%clk 0:15:27]} 11. a5 {[%clk 0:13:47]}  Be7 {[%clk 0:15:11]} 12. Nfe5 {[%clk 0:12:51]}  O-O {[%clk 0:14:44]} 13. b3 {[%clk 0:11:27]}  cxd4 {[%clk 0:14:15]} 14. exd4 {[%clk 0:11:29]}  Nxe5 {[%clk 0:14:15]} 15. dxe5 {[%clk 0:11:17]}  Nd5 {[%clk 0:14:01]} 16. Bf3 {[%clk 0:10:55]}  Bg5 {[%clk 0:13:00]} 17. Nb6 {[%clk 0:08:19]}  Nxb6 {[%clk 0:10:55]} 18. Bxb7 {[%clk 0:07:34]}  Ra7 {[%clk 0:10:44]} 19. Be4 {[%clk 0:02:17]}  Nd7 {[%clk 0:09:54]} 20. Bxg5 {[%clk 0:04:02]}  Qxg5 {[%clk 0:06:28]} 21. Qd4 {[%clk 0:03:58]}  Rc7 {[%clk 0:06:24]} 22. Qxb4 {[%clk 0:03:13]}  Qxe5 {[%clk 0:06:13]} 23. Bd3 {[%clk 0:03:02]}  Nc5 {[%clk 0:06:02]} 24. Bc4 {[%clk 0:03:05]}  Rfc8 {[%clk 0:05:07]} 25. Rad1 {[%clk 0:02:50]}  Rb7 {[%clk 0:04:51]} 26. Qa3 {[%clk 0:02:55]}  Qb8 {[%clk 0:04:14]} 27. Rb1 {[%clk 0:02:42]}  Rb4 {[%clk 0:03:54]} 28. Rfd1 {[%clk 0:02:21]}  h6 {[%clk 0:03:45]} 29. Qa2 {[%clk 0:02:18]}  Rd8 {[%clk 0:02:48]} 30. Rxd8+ {[%clk 0:02:03]}  Qxd8 {[%clk 0:02:52]} 31. g3 {[%clk 0:01:46]}  Qd6 {[%clk 0:02:24]} 32. Qc2 {[%clk 0:01:35]}  Qc7 {[%clk 0:01:51]} 33. Ra1 {[%clk 0:01:32]}  Qe5 {[%clk 0:01:26]} 34. Rd1 {[%clk 0:01:31]}  Qc7 {[%clk 0:00:56]} 35. Ra1 {[%clk 0:01:35]}  Qe5 {[%clk 0:00:58]} 36. Rc1 {[%clk 0:01:39]}  g6 {[%clk 0:00:26]} 37. h4 {[%clk 0:01:16]}  h5 {[%clk 0:00:28]} 38. Kg2 {[%clk 0:01:17]}  Qb8 {[%clk 0:00:31]} 39. Rb1 {[%clk 0:01:01]}  Qc7 {[%clk 0:00:23]} 40. Bf1 {[%clk 0:00:53]}  Qxa5 {[%clk 0:00:14]} 41. Rc1 {[%clk 0:00:43]}  Nxb3 {[%clk 0:00:08]} 42. Qc8+ {[%clk 0:00:47]}  Kh7 {[%clk 0:00:12]} 43. Rc7 {[%clk 0:00:50]}  Qd5+ {[%clk 0:00:15]} 44. Kg1 {[%clk 0:00:54]}  Qf5 {[%clk 0:00:14]} 45. Qf8 {[%clk 0:00:52]}  Rf4 {[%clk 0:00:06]} 46. gxf4 {[%clk 0:00:42]}  Qg4+ {[%clk 0:00:10]} 47. Bg2 {[%clk 0:00:46]} 1-0

[Event "Rapid Tournament (RAP)"]
[Site "Biel, CH"]
[Date "2025.07.13"]
[Round "7"]
[White "Smith, Alister W"]
[Black "Federer, Colin"]
[Result "0-1"]
[Board "27"]
[WhiteFideId "433284"]
[BlackFideId "1345117"]
[BlackTitle "FM"]
[WhiteElo "1822"]
[BlackElo "2055"]
[WhiteTeam "ENG"]
[BlackTeam "SUI"]
[WhiteClock "0:02:17"]
[BlackClock "0:05:56"]
[Variant "Standard"]

1. c4 {[%clk 0:15:08]}  Nf6 {[%clk 0:14:25]} 2. Nc3 {[%clk 0:15:11]}  g6 {[%clk 0:14:27]} 3. g3 {[%clk 0:15:13]}  Bg7 {[%clk 0:14:26]} 4. Bg2 {[%clk 0:15:16]}  O-O {[%clk 0:14:26]} 5. e4 {[%clk 0:15:17]}  c5 {[%clk 0:14:27]} 6. Nge2 {[%clk 0:15:05]}  d6 {[%clk 0:14:26]} 7. O-O {[%clk 0:14:57]}  Nc6 {[%clk 0:14:21]} 8. d3 {[%clk 0:14:49]}  Rb8 {[%clk 0:14:10]} 9. a4 {[%clk 0:14:24]}  a6 {[%clk 0:13:44]} 10. h3 {[%clk 0:14:43]}  Nd4 {[%clk 0:13:26]} 11. Be3 {[%clk 0:13:56]}  Ne8 {[%clk 0:13:21]} 12. f4 {[%clk 0:13:41]}  Nc7 {[%clk 0:13:10]} 13. Nd5 {[%clk 0:12:49]}  b5 {[%clk 0:12:42]} 14. Nxd4 {[%clk 0:12:15]}  cxd4 {[%clk 0:12:40]} 15. Bd2 {[%clk 0:11:57]}  Nxd5 {[%clk 0:12:30]} 16. cxd5 {[%clk 0:11:58]}  bxa4 {[%clk 0:12:28]} 17. Qc2 {[%clk 0:11:28]}  Bd7 {[%clk 0:12:26]} 18. Rab1 {[%clk 0:11:13]}  Qb6 {[%clk 0:12:23]} 19. Qd1 {[%clk 0:09:14]}  Qb3 {[%clk 0:12:00]} 20. Qe2 {[%clk 0:09:09]}  Bb5 {[%clk 0:12:00]} 21. Rf3 {[%clk 0:08:45]}  a3 {[%clk 0:11:25]} 22. Qf1 {[%clk 0:06:11]}  a2 {[%clk 0:10:33]} 23. Ra1 {[%clk 0:06:28]}  Rfc8 {[%clk 0:10:16]} 24. f5 {[%clk 0:05:59]}  Rc2 {[%clk 0:09:53]} 25. Bc1 {[%clk 0:05:32]}  Rbc8 {[%clk 0:09:36]} 26. fxg6 {[%clk 0:05:23]}  hxg6 {[%clk 0:09:19]} 27. Kh2 {[%clk 0:04:29]}  Bf6 {[%clk 0:07:13]} 28. Bh6 {[%clk 0:03:31]}  Qxb2 {[%clk 0:07:04]} 29. e5 {[%clk 0:02:14]}  dxe5 {[%clk 0:06:33]} 30. d6 {[%clk 0:02:17]}  Rxg2+ {[%clk 0:05:56]} 0-1

[Event "Rapid Tournament (RAP)"]
[Site "Biel, CH"]
[Date "2025.07.13"]
[Round "7"]
[White "Pinchetti, Andrea"]
[Black "Varela Tavares, Goncalo"]
[Result "1/2-1/2"]
[Board "28"]
[WhiteFideId "1313800"]
[BlackFideId "1344773"]
[WhiteElo "2026"]
[BlackElo "1829"]
[WhiteTeam "SUI"]
[BlackTeam "SUI"]
[WhiteClock "0:01:27"]
[BlackClock "0:00:04"]
[Variant "Standard"]

1. f4 {[%clk 0:15:07]}  d5 {[%clk 0:14:49]} 2. Nf3 {[%clk 0:15:02]}  c5 {[%clk 0:14:50]} 3. e3 {[%clk 0:15:06]}  Nc6 {[%clk 0:14:52]} 4. Bb5 {[%clk 0:15:08]}  Bd7 {[%clk 0:14:34]} 5. Bxc6 {[%clk 0:15:09]}  Bxc6 {[%clk 0:14:43]} 6. Ne5 {[%clk 0:15:13]}  Nf6 {[%clk 0:14:18]} 7. O-O {[%clk 0:15:12]}  e6 {[%clk 0:14:12]} 8. b3 {[%clk 0:15:14]}  Rc8 {[%clk 0:14:05]} 9. Bb2 {[%clk 0:15:15]}  Be7 {[%clk 0:14:06]} 10. d3 {[%clk 0:15:08]}  O-O {[%clk 0:13:38]} 11. Nd2 {[%clk 0:14:46]}  d4 {[%clk 0:13:15]} 12. Nxc6 {[%clk 0:15:01]}  Rxc6 {[%clk 0:13:17]} 13. e4 {[%clk 0:14:45]}  b5 {[%clk 0:12:56]} 14. Qe2 {[%clk 0:14:52]}  Qb6 {[%clk 0:11:17]} 15. a4 {[%clk 0:14:25]}  a6 {[%clk 0:10:38]} 16. axb5 {[%clk 0:13:37]}  axb5 {[%clk 0:10:29]} 17. Ra2 {[%clk 0:11:36]}  Rfc8 {[%clk 0:09:44]} 18. Kh1 {[%clk 0:09:59]}  Qb8 {[%clk 0:08:13]} 19. g3 {[%clk 0:10:55]}  Nd7 {[%clk 0:06:13]} 20. Rfa1 {[%clk 0:09:54]}  Nb6 {[%clk 0:07:02]} 21. Ra5 {[%clk 0:08:49]}  Nd7 {[%clk 0:05:00]} 22. Ra7 {[%clk 0:07:04]}  R6c7 {[%clk 0:04:54]} 23. R7a5 {[%clk 0:07:01]}  Qb7 {[%clk 0:04:39]} 24. Qg2 {[%clk 0:06:42]}  Nf6 {[%clk 0:04:33]} 25. h3 {[%clk 0:06:25]}  Qc6 {[%clk 0:04:06]} 26. Ra6 {[%clk 0:06:19]}  Qd7 {[%clk 0:03:46]} 27. g4 {[%clk 0:05:52]}  Rb7 {[%clk 0:03:38]} 28. g5 {[%clk 0:05:33]}  Ne8 {[%clk 0:03:08]} 29. e5 {[%clk 0:05:15]}  Rcb8 {[%clk 0:01:55]} 30. Qc6 {[%clk 0:04:42]}  Qxc6+ {[%clk 0:02:34]} 31. Rxc6 {[%clk 0:04:28]}  Nc7 {[%clk 0:02:21]} 32. Ne4 {[%clk 0:03:59]}  Rb6 {[%clk 0:01:50]} 33. Rxb6 {[%clk 0:04:23]}  Rxb6 {[%clk 0:01:41]} 34. Ra7 {[%clk 0:03:55]}  Rc6 {[%clk 0:01:08]} 35. Kg2 {[%clk 0:03:12]}  h6 {[%clk 0:01:55]} 36. gxh6 {[%clk 0:03:14]}  gxh6 {[%clk 0:01:59]} 37. Kf3 {[%clk 0:03:05]}  Kg7 {[%clk 0:01:23]} 38. Rb7 {[%clk 0:02:36]}  b4 {[%clk 0:01:02]} 39. Nd6 {[%clk 0:02:55]}  Nd5 {[%clk 0:00:01]} 40. Ne4 {[%clk 0:02:47]}  Bf8 {[%clk 0:00:30]} 41. Ra7 {[%clk 0:02:04]}  Ne3 {[%clk 0:00:28]} 42. Nf6 {[%clk 0:01:38]}  Nxc2 {[%clk 0:00:21]} 43. h4 {[%clk 0:01:27]}  Ne1+ {[%clk 0:00:16]} 44. Ke4 {[%clk 0:01:23]}  Ng2 {[%clk 0:00:12]} 45. h5 {[%clk 0:01:26]}  Nh4 {[%clk 0:00:13]} 46. Ne8+ {[%clk 0:01:23]}  Kg8 {[%clk 0:00:14]} 47. Nf6+ {[%clk 0:01:26]}  Kg7 {[%clk 0:00:18]} 48. Ne8+ {[%clk 0:01:29]}  Kg8 {[%clk 0:00:22]} 49. Nf6+ {[%clk 0:01:27]}  Kg7 {[%clk 0:00:04]} 1/2-1/2